|
|
|
|
| LEADER |
00000cam a2200000 a 4500 |
| 001 |
vtls011547834 |
| 003 |
SK-MaSNL |
| 005 |
20260425230330.0 |
| 008 |
210624s2016 xo l e l 001 0 slo |
| 015 |
|
|
|a SNBI2017
|
| 020 |
|
|
|a 9788081683886 (viaz.)
|
| 035 |
|
|
|a 1A377BBD-AEC3-41E6-B8C0-7B8D8379ABBD
|
| 035 |
|
|
|a urn:nbn:sk:snk-am3ichk
|
| 035 |
|
|
|a urn:nbn:sk:snk-am00e3ds
|
| 040 |
|
|
|a SNK
|b slo
|c SNK
|e AACR2
|
| 041 |
0 |
|
|a slo
|
| 043 |
|
|
|a e-xo---
|
| 044 |
|
|
|a xo
|c SK
|
| 072 |
|
7 |
|a 347.7
|x Obchodné právo. Finančné právo. Právo priemyselného vlastníctva. Patentové právo. Autorské právo
|2 konspekt
|
| 080 |
|
|
|a 347.736
|2 2001
|
| 080 |
|
|
|a (437.6)
|2 2011
|
| 080 |
|
|
|a (094.5)
|2 2001
|
| 080 |
|
|
|a (0.072)
|2 2001
|
| 080 |
|
|
|a 347.739
|2 2001
|
| 080 |
|
|
|a (4)
|2 2011
|
| 110 |
1 |
|
|a Slovensko
|4 aut
|9 266955
|
| 240 |
1 |
0 |
|a Zákon o konkurze a reštrukturalizácii (2005, novela 2015)
|
| 245 |
1 |
0 |
|a Zákon o konkurze a reštrukturalizácii
|b komentár
|c Branislav Pospíšil ... [et al.]
|
| 250 |
|
|
|a 2. dopl. a preprac. vyd.
|
| 260 |
|
|
|a Bratislava
|b Wolters Kluwer
|c 2016
|
| 300 |
|
|
|a 1042 s.
|b tab.
|c 22 cm
|
| 490 |
1 |
|
|a Komentáre
|
| 500 |
|
|
|a Na obale, titulnom liste a v tiráži chybne uvedené meno autora. Správne má byť JUDr. Vladimír Kitta
|
| 504 |
|
|
|a Pozn. ; reg. ; zozn. skratiek
|
| 536 |
|
|
|a Publikácia je súčasťou riešenia grantového projektu APVV-0518-11 podporeného Agentúrou na podporu výskumu a vývoja
|
| 650 |
0 |
7 |
|a Bankruptcy and composition
|z Slovakia
|2 SNKPHeng
|9 422227
|
| 650 |
0 |
7 |
|a konkurz a vyrovnanie
|z Slovensko
|2 SNKPH
|9 400797
|
| 650 |
0 |
7 |
|a konkurz a vyrovnanie
|z krajiny Európskej únie
|2 SNKPH
|9 422228
|
| 650 |
0 |
7 |
|a správcovia konkurznej podstaty
|z Slovensko
|2 SNKPH
|9 422229
|
| 650 |
0 |
7 |
|a Bankruptcy and composition
|z European Union countries
|2 SNKPHeng
|9 422230
|
| 650 |
0 |
7 |
|a Bankruptcy trustees
|z Slovakia
|2 SNKPHeng
|9 422231
|
| 651 |
|
7 |
|a Slovensko
|2 SNKPH
|9 14231
|
| 651 |
|
7 |
|a Slovakia
|2 SNKPHeng
|9 92630
|
| 655 |
|
7 |
|a zákony
|2 SNKPH
|9 70186
|
| 655 |
|
7 |
|a komentáre
|2 SNKPH
|9 70412
|
| 655 |
|
7 |
|a Laws
|2 SNKPHeng
|9 266957
|
| 655 |
|
7 |
|a Commentaries
|2 SNKPHeng
|9 275605
|
| 700 |
1 |
|
|a Macek, Jaroslav
|4 cwt
|9 340741
|
| 700 |
1 |
|
|a Maliar, Martin
|4 cwt
|9 338686
|
| 700 |
1 |
|
|a Kitta, Vladimír
|4 cwt
|9 422232
|
| 700 |
1 |
|
|a Pospíšil, Branislav
|4 cwt
|9 330043
|
| 830 |
|
0 |
|a Komentáre
|9 312810
|
| 852 |
|
|
|a Štátna vedecká knižnica v Banskej Bystrici
|
| 919 |
|
|
|a 978-80-8168-388-6
|
| 999 |
|
|
|c 672842
|d 674772
|
| 952 |
|
|
|a SNK
|b SNK
|y PREZ
|7 0
|p 17A1195767
|o snkSC 169820
|i snk2016/12636
|8 0
|0 0
|1 0
|4 0
|d 2016-05-16
|f 1
|l 0
|r 2026-02-23 19:32:07
|w 2026-02-23
|
| 952 |
|
|
|a SNK
|b SNK
|y VYP
|7 0
|p 17A1195768
|o snkSC 169820 D1
|i snk2016/12637
|8 0
|0 0
|1 0
|4 0
|d 2016-05-16
|l 0
|r 2026-02-23 19:32:07
|w 2026-02-23
|